<?xml version="1.0" encoding="UTF-8"?><?xml-stylesheet type="text/xsl" href="static/style.xsl"?><OAI-PMH xmlns="http://www.openarchives.org/OAI/2.0/" xmlns:xsi="http://www.w3.org/2001/XMLSchema-instance" xsi:schemaLocation="http://www.openarchives.org/OAI/2.0/ http://www.openarchives.org/OAI/2.0/OAI-PMH.xsd"><responseDate>2026-04-17T03:53:48Z</responseDate><request verb="GetRecord" identifier="oai:www.recercat.cat:10256/9119" metadataPrefix="marc">https://recercat.cat/oai/request</request><GetRecord><record><header><identifier>oai:recercat.cat:10256/9119</identifier><datestamp>2024-06-14T10:39:35Z</datestamp><setSpec>com_2072_452955</setSpec><setSpec>com_2072_2054</setSpec><setSpec>col_2072_452964</setSpec><setSpec>col_2072_453082</setSpec></header><metadata><record xmlns="http://www.loc.gov/MARC21/slim" xmlns:dcterms="http://purl.org/dc/terms/" xmlns:xsi="http://www.w3.org/2001/XMLSchema-instance" xmlns:doc="http://www.lyncode.com/xoai" xsi:schemaLocation="http://www.loc.gov/MARC21/slim http://www.loc.gov/standards/marcxml/schema/MARC21slim.xsd">
   <leader>00925njm 22002777a 4500</leader>
   <datafield ind2=" " ind1=" " tag="042">
      <subfield code="a">dc</subfield>
   </datafield>
   <datafield ind2=" " ind1=" " tag="720">
      <subfield code="a">Martínez Garcia, Esther</subfield>
      <subfield code="e">author</subfield>
   </datafield>
   <datafield ind2=" " ind1=" " tag="260">
      <subfield code="c">2013</subfield>
   </datafield>
   <datafield ind2=" " ind1=" " tag="520">
      <subfield code="a">Europa es en estos momentos una de las zonas con mayor turismo internacional, y donde el turismo representa una actividad económica relevante. El envejecimiento que están experimentando muchos países europeos hace que el turista sénior empiece a plantearse como un gran mercado turístico de presente y especialmente de futuro. Sin embargo, el turista sénior es todavía un desconocido. En el presente trabajo se ofrece información sobre este segmento de mercado, el turista sénior europeo, que sea de utilidad para las empresas turísticas y los poderes públicos y organizaciones gestoras de destinos, puesto que analiza y ofrece de manera organizada, la escasa y dispersa información disponible sobre este segmento de mercado. La información disponible y analizada permite inferir que el turista sénior representa una gran oportunidad para el sector turístico, si bien éste deberá adaptarse a las necesidades de dicho turista, que en el futuro van a ser diferentes de las del presente</subfield>
   </datafield>
   <datafield ind1="8" ind2=" " tag="024">
      <subfield code="a">http://hdl.handle.net/10256/9119</subfield>
   </datafield>
   <datafield tag="653" ind2=" " ind1=" ">
      <subfield code="a">Turisme -- Europa</subfield>
   </datafield>
   <datafield tag="653" ind2=" " ind1=" ">
      <subfield code="a">Tourism -- Europe</subfield>
   </datafield>
   <datafield ind2="0" ind1="0" tag="245">
      <subfield code="a">El turista sénior en europa: actualidad y futuro</subfield>
   </datafield>
</record></metadata></record></GetRecord></OAI-PMH>